[Event "Plzen, FSB A"]
[Site "?"]
[Date "2000.??.??"]
[Round "4"]
[White "Vasicek, M."]
[Black "Barton, J."]
[Result "1-0"]
[WhiteElo "2165"]
[BlackElo "1940"]
[PlyCount "34"]
[EventDate "2000.??.??"]
[Source "ChessBase"]
[SourceDate "1996.11.15"]

1. d4 Nf6 2. Nf3 d5 3. Bf4 Bg4 4. Ne5 Bf5 5. e3 e6 6. g4 Bg6 7. h4 h6 8. Nxg6
fxg6 9. Bd3 Ne4 10. Nd2 g5 11. Bxe4 gxf4 12. Bg6+ Kd7 13. exf4 Qf6 14. f5 Qxd4
15. fxe6+ Kxe6 16. Qe2+ Kd7 17. Qe8+ Kd6 1-0

[Event "Plzen, FSB A"]
[Site "?"]
[Date "2000.??.??"]
[Round "4"]
[White "Steppuhn, T."]
[Black "Hofman, M."]
[Result "1/2-1/2"]
[WhiteElo "2160"]
[BlackElo "1900"]
[PlyCount "25"]
[EventDate "2000.??.??"]
[Source "ChessBase"]
[SourceDate "1996.11.15"]

1. d4 e6 2. Nf3 Nf6 3. e3 d5 4. Bd3 c5 5. b3 Nc6 6. a3 Be7 7. Nbd2 O-O 8. Bb2
b6 9. O-O Bb7 10. Ne5 Nxe5 11. dxe5 Ne4 12. Nxe4 dxe4 13. Be2 1/2-1/2

[Event "Plzen, FSB A"]
[Site "?"]
[Date "2000.??.??"]
[Round "4"]
[White "Priborsky, I."]
[Black "Kreiser, U."]
[Result "1/2-1/2"]
[WhiteElo "1955"]
[BlackElo "2155"]
[PlyCount "106"]
[EventDate "2000.??.??"]
[Source "ChessBase"]
[SourceDate "1996.11.15"]

1. e4 Nc6 2. Nf3 f5 3. d3 d6 4. Nc3 Nf6 5. Be2 e5 6. exf5 Bxf5 7. Be3 Be7 8.
Qd2 O-O 9. O-O d5 10. d4 e4 11. Ne5 Bd6 12. Nxc6 bxc6 13. Bf4 Rb8 14. Bxd6 Qxd6
15. Nd1 Bg4 16. b3 Bxe2 17. Qxe2 c5 18. c3 cxd4 19. cxd4 Rb4 20. Ne3 g6 21. Nc2
Rbb8 22. Rac1 Nh5 23. Ne1 Nf4 24. Qc2 Ne6 25. Qd2 Rf7 26. Nc2 Rbf8 27. Nb4 Qf4
28. Qxf4 Nxf4 29. Rc2 a5 30. Nc6 Nd3 31. Ne5 Nxe5 32. dxe5 Re8 33. Rfc1 Rxe5
34. Rxc7 d4 35. Rxf7 Kxf7 36. Kf1 Ke6 37. Ke2 Kd5 38. Rc7 h5 39. Ra7 Ke6 40.
Ra6+ Kf5 41. Rc6 Rd5 42. Rc4 g5 43. a3 Ke5 44. b4 axb4 45. Rxb4 Rc5 46. Kd2 Rc3
47. Rb5+ Kf4 48. Rb4 Rd3+ 49. Ke2 h4 50. a4 Ke5 51. Rb5+ Kf6 52. Rb4 Ke5 53.
Rb5+ Kf6 1/2-1/2

[Event "Plzen, FSB A"]
[Site "?"]
[Date "2000.??.??"]
[Round "4"]
[White "Bantle, M."]
[Black "Vyhnalek, B."]
[Result "0-1"]
[WhiteElo "1970"]
[BlackElo "2155"]
[PlyCount "56"]
[EventDate "2000.??.??"]
[Source "ChessBase"]
[SourceDate "1996.11.15"]

1. d4 d5 2. c4 Nc6 3. Nf3 Bg4 4. e3 e6 5. Nc3 Nf6 6. Be2 Be7 7. cxd5 exd5 8.
O-O O-O 9. h3 Bf5 10. a3 Re8 11. b4 Bd6 12. b5 Ne7 13. Nh4 Bd7 14. Bd3 Ng6 15.
Nf5 Bf8 16. Ng3 Nh4 17. a4 Qc8 18. Re1 g6 19. e4 dxe4 20. Ncxe4 Nxe4 21. Rxe4
Qd8 22. Rxe8 Bxe8 23. Be4 c6 24. bxc6 bxc6 25. Be3 Bg7 26. Rc1 f5 27. Bxc6 Bxc6
28. Rxc6 Qd5 0-1

[Event "Plzen, FSB A"]
[Site "?"]
[Date "2000.??.??"]
[Round "4"]
[White "Chrz, P."]
[Black "Laznicka, V."]
[Result "1/2-1/2"]
[WhiteElo "2155"]
[BlackElo "1800"]
[PlyCount "67"]
[EventDate "2000.??.??"]
[Source "ChessBase"]
[SourceDate "1996.11.15"]

1. f4 d5 2. Nf3 c5 3. e3 Nf6 4. b3 e6 5. Bb2 Be7 6. Bb5+ Bd7 7. Bxd7+ Nbxd7 8.
O-O O-O 9. Ne5 Ne8 10. Qg4 f5 11. Qh3 Bf6 12. g4 Bxe5 13. fxe5 Qg5 14. Rf4 fxg4
15. Qxg4 Qxg4+ 16. Rxg4 Nc7 17. d4 Rf3 18. Rg3 Raf8 19. Nd2 Rxg3+ 20. hxg3 h5
21. Kg2 Kh7 22. c4 cxd4 23. exd4 dxc4 24. bxc4 b5 25. Ba3 Rc8 26. Rc1 bxc4 27.
Ne4 Nb5 28. Nd6 Nxd6 29. exd6 c3 30. Bc5 e5 31. Rxc3 exd4 32. Bxd4 Rxc3 33.
Bxc3 g5 34. Bd4 1/2-1/2

[Event "Plzen, FSB A"]
[Site "?"]
[Date "2000.??.??"]
[Round "4"]
[White "Vlk, M."]
[Black "Vreugdenhil, F."]
[Result "0-1"]
[WhiteElo "1915"]
[BlackElo "2145"]
[PlyCount "80"]
[EventDate "2000.??.??"]
[Source "ChessBase"]
[SourceDate "1996.11.15"]

1. c4 Nf6 2. Nc3 g6 3. g3 Bg7 4. Bg2 O-O 5. Nf3 d6 6. d4 c5 7. O-O Nc6 8. d5
Na5 9. Nd2 a6 10. Qc2 Rb8 11. a3 b5 12. cxb5 axb5 13. b4 Nb7 14. Rb1 Bd7 15.
Bb2 e5 16. e4 Ng4 17. h3 Nh6 18. Bc1 f5 19. f3 Kh8 20. Kh2 Ng8 21. Nb3 Rc8 22.
Bd2 Nf6 23. Qd1 h6 24. Qe2 cxb4 25. axb4 Qe8 26. Rfc1 g5 27. g4 fxg4 28. hxg4
h5 29. Bh3 Qg6 30. Kg3 hxg4 31. Bxg4 Bxg4 32. fxg4 Rxc3+ 33. Bxc3 Nxe4+ 34. Kg2
Nxc3 35. Rxc3 Qxb1 36. Rd3 Nd8 37. Nd2 Qxb4 38. Ne4 Rf4 39. Nxg5 Rxg4+ 40. Rg3
Rxg3+ 0-1

[Event "Plzen, FSB A"]
[Site "?"]
[Date "2000.??.??"]
[Round "4"]
[White "Burdova, K."]
[Black "Priborsky, M."]
[Result "1-0"]
[WhiteElo "2130"]
[BlackElo "1795"]
[PlyCount "80"]
[EventDate "2000.??.??"]
[Source "ChessBase"]
[SourceDate "1996.11.15"]

1. e4 e5 2. Nf3 Nc6 3. d4 exd4 4. Nxd4 Bc5 5. Nxc6 Qf6 6. Qf3 Qxf3 7. gxf3 dxc6
8. Rg1 g6 9. Nd2 Be6 10. Nb3 Bb6 11. c4 a6 12. c5 Ba7 13. Be3 O-O-O 14. Nd4 Bd7
15. b4 f6 16. Bc4 Ne7 17. O-O-O a5 18. a3 axb4 19. axb4 b6 20. Nb3 g5 21. Kb2
Ng6 22. Ra1 Kb7 23. Ra3 Ne5 24. Be2 Be6 25. Rga1 Ra8 26. Kc3 Bxb3 27. Kxb3 Rhd8
28. Kc3 h6 29. Bd4 Re8 30. Rb3 Rf8 31. Bxe5 fxe5 32. Ba6+ Kb8 33. Kd2 Rd8+ 34.
Ke2 Rd7 35. Rd1 Rxd1 36. Kxd1 bxc5 37. bxc5+ Bb6 38. Bd3 Ra1+ 39. Bb1 Ka7 40.
cxb6+ cxb6 1-0

[Event "Plzen, FSB A"]
[Site "?"]
[Date "2000.??.??"]
[Round "4"]
[White "Horyna, J."]
[Black "Blecha, M."]
[Result "0-1"]
[WhiteElo "1855"]
[BlackElo "2205"]
[PlyCount "116"]
[EventDate "2000.??.??"]
[Source "ChessBase"]
[SourceDate "1996.11.15"]

1. d4 Nf6 2. Nf3 g6 3. c4 Bg7 4. Nc3 O-O 5. e4 d6 6. Be2 e5 7. dxe5 dxe5 8.
Qxd8 Rxd8 9. Bg5 Re8 10. Nd5 Nxd5 11. cxd5 c6 12. Bc4 b5 13. Bb3 Bb7 14. Rc1 a5
15. a4 Rc8 16. dxc6 Nxc6 17. Bd5 bxa4 18. O-O Nd8 19. Be7 Bxd5 20. exd5 e4 21.
Nd2 Bxb2 22. Rc4 Rxc4 23. Nxc4 a3 24. Nxa3 Rc8 25. h3 f5 26. Rb1 Be5 27. Kf1
Kf7 28. Bg5 Ke8 29. Bd2 Rc5 30. Rb5 Rxb5 31. Nxb5 Nb7 32. Ke2 Kd7 33. f3 exf3+
34. gxf3 a4 35. Kd3 Nd6 36. Nd4 Kc7 37. Bb4 Kb6 38. Nc6 Bf4 39. Kc2 Kb5 40. Kc3
Bg3 41. Nd4+ Kb6 42. Kd3 Nb7 43. Ne6 Be5 44. Nf8 Kb5 45. Ba3 Nc5+ 46. Kc2 Kc4
47. Nxh7 Kxd5 48. Nf8 g5 49. Nh7 Ne6 50. Be7 Nd4+ 51. Kd3 Nxf3 52. Ke3 g4 53.
hxg4 fxg4 54. Ba3 Nd4 55. Bc1 Bf4+ 56. Kxf4 Ne2+ 57. Kxg4 Nxc1 58. Nf6+ Kd4 0-1

[Event "Plzen, FSB A"]
[Site "?"]
[Date "2000.??.??"]
[Round "4"]
[White "Kulhanek, T."]
[Black "Racek, J."]
[Result "1-0"]
[WhiteElo "2350"]
[BlackElo "2130"]
[PlyCount "115"]
[EventDate "2000.??.??"]
[Source "ChessBase"]
[SourceDate "1996.11.15"]

1. e4 c6 2. d4 d5 3. exd5 cxd5 4. c4 e6 5. Nf3 Nf6 6. Nc3 Be7 7. cxd5 exd5 8.
Bd3 Bg4 9. Qa4+ Bd7 10. Qb3 Bc6 11. O-O O-O 12. Re1 Re8 13. Bf4 Nbd7 14. Rad1
Nf8 15. Qc2 Bd6 16. Rxe8 Nxe8 17. Bxd6 Qxd6 18. g3 Nc7 19. Bf1 f6 20. Nh4 g6
21. a3 a5 22. Ng2 Re8 23. Nf4 Nce6 24. Nxe6 Nxe6 25. Qb3 Nc7 26. Qb6 Ra8 27.
Nb5 Nxb5 28. Bxb5 Qd7 29. Bf1 Qd8 30. Qxd8+ Rxd8 31. f4 Kf7 32. Kf2 Ke6 33. h4
f5 34. h5 gxh5 35. Be2 Be8 36. Rc1 Kd6 37. Bd3 Bg6 38. Ke3 Re8+ 39. Kd2 Rf8 40.
Re1 Kd7 41. Re5 Kd6 42. Be2 Rf6 43. Ke3 Re6 44. Rxe6+ Kxe6 45. Bb5 Kd6 46. Kd3
Ke7 47. Kc3 Kd6 48. b4 axb4+ 49. Kxb4 b6 50. a4 Bf7 51. a5 bxa5+ 52. Kxa5 Be6
53. Kb6 Bf7 54. Kb7 h4 55. gxh4 h5 56. Kc8 Be6+ 57. Kd8 Bd7 58. Be2 1-0

[Event "Plzen, FSB A"]
[Site "?"]
[Date "2000.??.??"]
[Round "4"]
[White "Ungr, D."]
[Black "van Dijk, T."]
[Result "1-0"]
[WhiteElo "2155"]
[BlackElo "2040"]
[PlyCount "55"]
[EventDate "2000.??.??"]
[Source "ChessBase"]
[SourceDate "1996.11.15"]

1. d4 d5 2. Nf3 Nf6 3. c4 e6 4. g3 Be7 5. Bg2 O-O 6. O-O c5 7. dxc5 Bxc5 8. Nc3
dxc4 9. Qa4 Qe7 10. Qxc4 Nc6 11. Bg5 h6 12. Bxf6 gxf6 13. Rad1 Rb8 14. Qf4 Kg7
15. Nh4 Ne5 16. Ne4 Bd7 17. g4 Rg8 18. Ng3 Kf8 19. h3 Bc6 20. Nh5 Bxg2 21.
Qxh6+ Ke8 22. Nxf6+ Qxf6 23. Qxf6 Bxh3 24. Qxe5 Rc8 25. Kh2 Bxf1 26. Rxf1 Rxg4
27. Kh3 Rg8 28. Rc1 1-0

[Event "Plzen, FSB A"]
[Site "?"]
[Date "2000.??.??"]
[Round "4"]
[White "Petrzela, P."]
[Black "Hallerova, E."]
[Result "1-0"]
[WhiteElo "2015"]
[BlackElo "2150"]
[PlyCount "67"]
[EventDate "2000.??.??"]
[Source "ChessBase"]
[SourceDate "1996.11.15"]

1. d4 Nf6 2. c4 g6 3. Nc3 Bg7 4. e4 d6 5. f3 Nc6 6. Be3 O-O 7. Qd2 e5 8. d5 Nd4
9. Nge2 Nxe2 10. Bxe2 a6 11. g4 Rb8 12. h4 h5 13. Bg5 hxg4 14. h5 Qd7 15. fxg4
b5 16. Bxf6 Bxf6 17. g5 Bh8 18. O-O-O b4 19. Nb1 a5 20. Rdg1 c6 21. Bd3 gxh5
22. Qh2 Bg7 23. Qxh5 Re8 24. Qh7+ Kf8 25. Nd2 Ba6 26. Nf3 cxd5 27. Nh4 dxe4 28.
Nf5 Qxf5 29. Qxf5 exd3 30. Rh7 Bc8 31. Qxd3 Re6 32. Rgh1 Rg6 33. c5 Ke7 34.
Rxg7 1-0

[Event "Plzen, FSB A"]
[Site "?"]
[Date "2000.??.??"]
[Round "4"]
[White "Sladek, J."]
[Black "Rerabkova, L."]
[Result "0-1"]
[WhiteElo "2125"]
[BlackElo "2015"]
[PlyCount "80"]
[EventDate "2000.??.??"]
[Source "ChessBase"]
[SourceDate "1996.11.15"]

1. e4 c5 2. Nf3 Nc6 3. c3 d5 4. exd5 Qxd5 5. d4 e6 6. Be2 Nf6 7. O-O cxd4 8.
cxd4 Be7 9. Nc3 Qd6 10. Nb5 Qd7 11. Qa4 O-O 12. Bf4 Nd5 13. Bg3 Rd8 14. Rfd1 b6
15. Nc3 Bb7 16. Nxd5 Qxd5 17. Rac1 Bf6 18. Be5 Bxe5 19. dxe5 Qa5 20. Qh4 Qxa2
21. Bd3 h6 22. Qe4 Qxb2 23. Rb1 Qa2 24. Qh7+ Kf8 25. Bf1 Rxd1 26. Rxd1 Rd8 27.
Rxd8+ Nxd8 28. Qh8+ Ke7 29. Qxg7 Qa1 30. Qf6+ Kd7 31. Nd2 a5 32. Qf4 b5 33. Ne4
Bxe4 34. Qxe4 b4 35. g3 b3 36. Kg2 b2 37. Bb5+ Kc7 38. Qc4+ Kb6 39. Qd4+ Kxb5
40. Qd7+ Nc6 0-1

[Event "Plzen, FSB A"]
[Site "?"]
[Date "2000.??.??"]
[Round "4"]
[White "Nielsen, T."]
[Black "Schwarz, M."]
[Result "1/2-1/2"]
[WhiteElo "2115"]
[BlackElo "1960"]
[PlyCount "20"]
[EventDate "2000.??.??"]
[Source "ChessBase"]
[SourceDate "1996.11.15"]

1. e4 e5 2. Nf3 Nc6 3. Bc4 Nf6 4. Ng5 d5 5. exd5 Na5 6. Bb5+ c6 7. dxc6 bxc6 8.
Be2 h6 9. Nf3 e4 10. Ne5 Bd6 1/2-1/2

[Event "Plzen, FSB A"]
[Site "?"]
[Date "2000.??.??"]
[Round "4"]
[White "Stehlik, J."]
[Black "Balcar, M."]
[Result "1-0"]
[WhiteElo "2105"]
[BlackElo "1955"]
[PlyCount "87"]
[EventDate "2000.??.??"]
[Source "ChessBase"]
[SourceDate "1996.11.15"]

1. d4 e6 2. Nf3 d5 3. c4 Nf6 4. g3 Nbd7 5. Bg2 Bd6 6. O-O O-O 7. Nbd2 c6 8. Qc2
Re8 9. e4 dxe4 10. Nxe4 Nxe4 11. Qxe4 c5 12. Be3 Nf6 13. Qh4 Qc7 14. Rad1 Bd7
15. Bg5 Be7 16. dxc5 Qxc5 17. Qd4 Bc6 18. Qxc5 Bxc5 19. Ne5 Bxg2 20. Kxg2 Ne4
21. Bf4 Rad8 22. f3 Nf6 23. g4 Bd4 24. b3 h6 25. h4 g5 26. hxg5 hxg5 27. Bg3
Be3 28. Rfe1 Bf4 29. Bxf4 gxf4 30. g5 Nh5 31. Rh1 Ng3 32. Rxd8 Rxd8 33. Rh8+
Kxh8 34. Nxf7+ Kg7 35. Nxd8 Kg6 36. Nxe6 Ne2 37. b4 Kf5 38. Nd8 b6 39. c5 bxc5
40. bxc5 Nc3 41. c6 Nd5 42. Kf2 Kxg5 43. Ne6+ Kf5 44. c7 1-0

[Event "Plzen, FSB A"]
[Site "?"]
[Date "2000.??.??"]
[Round "4"]
[White "Priborsky, J."]
[Black "Kovar, V."]
[Result "0-1"]
[WhiteElo "1940"]
[BlackElo "2105"]
[PlyCount "96"]
[EventDate "2000.??.??"]
[Source "ChessBase"]
[SourceDate "1996.11.15"]

1. e4 c5 2. c3 d5 3. exd5 Qxd5 4. d4 e6 5. Nf3 Nc6 6. Na3 cxd4 7. Nb5 Bd6 8.
Nbxd4 Nxd4 9. Qxd4 Qxd4 10. Nxd4 Nf6 11. Nb5 Bb8 12. Be3 a6 13. Nd4 Nd5 14. Bg5
f6 15. Bh4 e5 16. Nb3 Ba7 17. O-O-O Be6 18. Bg3 O-O-O 19. Bc4 Nf4 20. Bxe6+
Nxe6 21. Kc2 h5 22. h4 g6 23. f3 Ng7 24. Rdf1 Nf5 25. Bf2 Bxf2 26. Rxf2 Rd6 27.
Kc1 Ng3 28. Rh3 Nf5 29. Rh1 Rhd8 30. Nd2 Ne3 31. Re1 Rd3 32. Rfe2 Nf5 33. Ne4
Rf8 34. Kc2 Rd7 35. g3 Rc7 36. Rd2 Nd4+ 37. Rxd4 exd4 38. Kd3 dxc3 39. bxc3
Rd8+ 40. Kc2 Rc6 41. Re2 Rd5 42. Rg2 f5 43. Nd2 Ra5 44. Kb2 Rac5 45. c4 b5 46.
cxb5 Rc2+ 47. Kb3 R6c3+ 48. Kb4 Rd3 0-1

[Event "Plzen, FSB A"]
[Site "?"]
[Date "2000.??.??"]
[Round "4"]
[White "Pokrupa, M."]
[Black "Galicek, S."]
[Result "0-1"]
[WhiteElo "2085"]
[BlackElo "1940"]
[PlyCount "82"]
[EventDate "2000.??.??"]
[Source "ChessBase"]
[SourceDate "1996.11.15"]

1. e4 c5 2. Nf3 d6 3. Bb5+ Nd7 4. O-O a6 5. Bd3 e6 6. c3 Ngf6 7. Bc2 b5 8. d4
Be7 9. Nbd2 Bb7 10. Re1 O-O 11. b3 Rc8 12. Bb2 Rc7 13. e5 dxe5 14. dxe5 Nd5 15.
c4 Nb4 16. Bb1 Nb6 17. a3 Nc6 18. Qe2 Rd7 19. Bc2 Nd4 20. Nxd4 cxd4 21. Qd3 g6
22. Rad1 bxc4 23. bxc4 Qa8 24. Ne4 Rc8 25. Bb3 Bxe4 26. Rxe4 Nxc4 27. Bc1 Nxa3
28. Rxd4 Rxd4 29. Qxd4 Nb5 30. Qg4 h5 31. Qh3 Nc3 32. Bxe6 Rc7 33. Qd3 Kg7 34.
Bb3 Nxd1 35. Qxd1 Qc6 36. Bb2 Kg8 37. h3 Rd7 38. Qb1 Qb6 39. e6 Rd2 40. exf7+
Kf8 41. Qc1 Qxf2+ 0-1

[Event "Plzen, FSB A"]
[Site "?"]
[Date "2000.??.??"]
[Round "4"]
[White "Sedlacek, J."]
[Black "Hajek, J."]
[Result "1-0"]
[WhiteElo "1865"]
[BlackElo "2075"]
[PlyCount "61"]
[EventDate "2000.??.??"]
[Source "ChessBase"]
[SourceDate "1996.11.15"]

1. c4 e5 2. Nc3 Nf6 3. Nf3 Nc6 4. g3 d5 5. cxd5 Nxd5 6. Bg2 Nb6 7. O-O Be6 8.
d3 f6 9. Be3 Qd7 10. a3 Bh3 11. b4 Bxg2 12. Kxg2 Be7 13. Qb3 O-O-O 14. Rfc1 Kb8
15. Ra2 Nd5 16. Rac2 Nxe3+ 17. fxe3 Bd6 18. Na4 e4 19. dxe4 Rhe8 20. Nc5 Bxc5
21. Rxc5 Rxe4 22. b5 Ne5 23. Nd4 Ng4 24. Nc6+ Kc8 25. Nxa7+ Kb8 26. Nc6+ Kc8
27. Nxd8 Nxe3+ 28. Kh1 Kxd8 29. Rxc7 Qxc7 30. Qg8+ Re8 31. Qxe8+ 1-0

[Event "Plzen, FSB A"]
[Site "?"]
[Date "2000.??.??"]
[Round "4"]
[White "Decka, E."]
[Black "Strnad, J."]
[Result "0-1"]
[WhiteElo "2065"]
[BlackElo "1920"]
[PlyCount "88"]
[EventDate "2000.??.??"]
[Source "ChessBase"]
[SourceDate "1996.11.15"]

1. e4 e6 2. d4 d5 3. e5 c5 4. c3 Nc6 5. Nf3 Qb6 6. a3 c4 7. Be2 Bd7 8. Nbd2 Na5
9. O-O Ne7 10. Re1 Ng6 11. Nf1 Nb3 12. Rb1 Nxc1 13. Qxc1 Be7 14. Ne3 O-O 15. g3
Rac8 16. h4 f5 17. exf6 Bxf6 18. h5 Ne7 19. g4 h6 20. Ng2 Qd6 21. Qe3 Nc6 22.
Bd1 b6 23. Bc2 Rce8 24. Ne5 Bxe5 25. dxe5 Qc5 26. Qg3 d4 27. Bg6 Re7 28. b4
cxb3 29. Rxb3 Qc4 30. cxd4 Nxd4 31. Rc3 Ne2+ 32. Rxe2 Qxe2 33. Bd3 Qd1+ 34. Kh2
Ref7 35. f4 Bc8 36. Be4 Ba6 37. Bd3 Bxd3 38. Rxd3 Qe2 39. Re3 Qa2 40. g5 Rf5
41. Kh3 hxg5 42. fxg5 Qf2 43. Nh4 Qxg3+ 44. Rxg3 Rf1 0-1

[Event "Plzen, FSB A"]
[Site "?"]
[Date "2000.??.??"]
[Round "4"]
[White "Vymetal, M."]
[Black "Vladyka, V."]
[Result "1/2-1/2"]
[WhiteElo "1810"]
[BlackElo "2065"]
[PlyCount "39"]
[EventDate "2000.??.??"]
[Source "ChessBase"]
[SourceDate "1996.11.15"]

1. e4 c5 2. Nf3 d6 3. d4 cxd4 4. Nxd4 Nf6 5. Nc3 a6 6. f3 e6 7. Be3 Be7 8. Qd2
Qc7 9. g4 O-O 10. h4 Nc6 11. h5 Nxd4 12. Bxd4 e5 13. Be3 Be6 14. g5 Nd7 15. Bh3
Nb6 16. Bxb6 Qxb6 17. O-O-O Qd8 18. Rdg1 Kh8 19. Nd5 Bxd5 20. exd5 1/2-1/2

[Event "Plzen, FSB A"]
[Site "?"]
[Date "2000.??.??"]
[Round "4"]
[White "Hoff, T."]
[Black "Haller, M."]
[Result "0-1"]
[WhiteElo "2050"]
[BlackElo "1910"]
[PlyCount "81"]
[EventDate "2000.??.??"]
[Source "ChessBase"]
[SourceDate "1996.11.15"]

1. d4 Nf6 2. c4 c5 3. d5 b5 4. cxb5 a6 5. Nc3 g6 6. e4 d6 7. Bg5 Bg7 8. Be2 O-O
9. f4 Nbd7 10. Nf3 Ng4 11. Qd2 axb5 12. Nxb5 f6 13. Bh4 Qb6 14. h3 Nh6 15. O-O
Ba6 16. a4 Rfe8 17. Bc4 Qb8 18. g4 Nb6 19. Be2 Qb7 20. Rfd1 Nxa4 21. Rxa4 Bxb5
22. Rxa8 Rxa8 23. f5 Ra4 24. Qc2 Rb4 25. Rd2 Nf7 26. Bf2 Bh6 27. fxg6 hxg6 28.
e5 Kg7 29. g5 Nxg5 30. exf6+ exf6 31. Nxg5 Bxg5 32. Bxb5 Bxd2 33. Bc6 Rxb2 34.
Qe4 Qf7 35. Bg3 Rb4 36. Qe2 Bf4 37. Bf2 Be5 38. Qa6 Qe7 39. Qc8 Bf4 40. Qe6
Qxe6 41. dxe6 0-1

[Event "Plzen, FSB A"]
[Site "?"]
[Date "2000.??.??"]
[Round "4"]
[White "Dolezal sr., R."]
[Black "Svoboda, J."]
[Result "0-1"]
[WhiteElo "2050"]
[BlackElo "1820"]
[PlyCount "86"]
[EventDate "2000.??.??"]
[Source "ChessBase"]
[SourceDate "1996.11.15"]

1. e4 Nf6 2. e5 Nd5 3. d4 d6 4. exd6 cxd6 5. Nf3 g6 6. Bc4 Nb6 7. Bb3 Bg7 8.
O-O O-O 9. c3 Bg4 10. h3 Bxf3 11. Qxf3 Nc6 12. Nd2 d5 13. Qe2 Na5 14. Bc2 Nbc4
15. Nxc4 Nxc4 16. Bd3 Rc8 17. f4 e6 18. g4 b5 19. Be3 Qb6 20. Bxc4 Rxc4 21. f5
exf5 22. gxf5 b4 23. Rac1 Rfc8 24. Bd2 bxc3 25. bxc3 Qb2 26. Rb1 Qxa2 27. fxg6
hxg6 28. Ra1 Qc2 29. Qg2 Qe4 30. Ra5 Rd8 31. Qg5 Rd7 32. Re1 Qf3 33. Re8+ Kh7
34. Rb5 Qf6 35. Qg4 Qf5 36. Qg3 Rcc7 37. Rbb8 Rb7 38. Bf4 Rxb8 39. Rxb8 Qh5 40.
Qe3 Qd1+ 41. Kf2 Qc2+ 42. Kf3 Qf5 43. Qe8 g5 0-1

[Event "Plzen, FSB A"]
[Site "?"]
[Date "2000.??.??"]
[Round "4"]
[White "Ptacek, M."]
[Black "Vymazal, B."]
[Result "1-0"]
[WhiteElo "2035"]
[BlackElo "1830"]
[PlyCount "65"]
[EventDate "2000.??.??"]
[Source "ChessBase"]
[SourceDate "1996.11.15"]

1. c4 e6 2. d4 d5 3. Nc3 Nf6 4. Bg5 Nbd7 5. e3 c6 6. a3 Be7 7. Nf3 O-O 8. Bd3
b6 9. O-O h6 10. Bh4 Bb7 11. cxd5 exd5 12. Rc1 c5 13. Bb1 Rc8 14. Qd3 c4 15.
Qc2 Ne4 16. Bxe7 Qxe7 17. Rce1 Ndf6 18. Ne5 Nd6 19. Ng4 Nde4 20. Nxe4 dxe4 21.
Nxf6+ gxf6 22. f3 f5 23. fxe4 Bxe4 24. Qf2 c3 25. bxc3 Rxc3 26. Bxe4 fxe4 27.
Qf5 Re8 28. Rf4 Qe6 29. Qh5 Rxa3 30. d5 Qd7 31. Qxh6 Rd3 32. Qg5+ Kf8 33. Rh4
1-0

[Event "Plzen, FSB A"]
[Site "?"]
[Date "2000.??.??"]
[Round "4"]
[White "Hampek, M."]
[Black "Warnk, T."]
[Result "0-1"]
[WhiteElo "1835"]
[BlackElo "2025"]
[PlyCount "130"]
[EventDate "2000.??.??"]
[Source "ChessBase"]
[SourceDate "1996.11.15"]

1. d4 d5 2. c4 c6 3. Nf3 Nf6 4. e3 g6 5. Nc3 Bg7 6. Be2 O-O 7. O-O Bg4 8. cxd5
Nxd5 9. Qb3 Nxc3 10. bxc3 Qc7 11. Rb1 b6 12. Ba3 c5 13. Rfe1 Nd7 14. Rbd1 Rac8
15. d5 Nf6 16. c4 Rcd8 17. Bb2 Ne4 18. Bxg7 Kxg7 19. Nd2 Bxe2 20. Rxe2 Nxd2 21.
Qc3+ f6 22. Rexd2 Qe5 23. Qxe5 fxe5 24. a4 e4 25. Kf1 Rf6 26. Ke1 g5 27. h3 h5
28. Re2 Rdf8 29. Rdd2 g4 30. hxg4 hxg4 31. Kd1 Rh8 32. Kc2 Kf7 33. Re1 Rh2 34.
Rg1 Ke8 35. Kb3 Kd7 36. Rb2 Kc7 37. a5 Rh8 38. Ka4 Rhf8 39. Rgb1 Kb7 40. Rb5
Kc7 41. g3 Rh8 42. R5b2 Rh2 43. Rf1 Rg2 44. axb6+ axb6 45. Kb5 Rxg3 46. Ra1 Rg2
47. Ra7+ Kd6 48. Kxb6 g3 49. Ra1 Rgxf2 50. Rxf2 Rxf2 51. Rg1 Rb2+ 52. Ka5 g2
53. Ka4 Re2 54. Kb5 Rb2+ 55. Ka5 Rb4 56. Rxg2 Rxc4 57. Rg6+ Kxd5 58. Rg5+ e5
59. Rg8 Rc3 60. Rd8+ Kc4 61. Re8 Rxe3 62. Rxe5 Kd4 63. Re8 Rb3 64. Rd8+ Ke3 65.
Rc8 Kd2 0-1

[Event "Plzen, FSB A"]
[Site "?"]
[Date "2000.??.??"]
[Round "4"]
[White "Snaidr, J."]
[Black "Dvorak, M."]
[Result "1/2-1/2"]
[WhiteElo "2015"]
[BlackElo "1800"]
[PlyCount "156"]
[EventDate "2000.??.??"]
[Source "ChessBase"]
[SourceDate "1996.11.15"]

1. d4 Nf6 2. c4 g6 3. Nc3 d5 4. Bf4 Bg7 5. e3 c6 6. Nf3 O-O 7. Rc1 Nh5 8. Be5
f6 9. Bg3 Be6 10. b3 Nd7 11. Be2 Rc8 12. Bh4 Bh6 13. Nd2 Ng7 14. g4 Ne8 15. Bg3
Nc7 16. f4 f5 17. g5 Bg7 18. c5 Rb8 19. b4 b6 20. Nb3 bxc5 21. bxc5 Rb7 22. O-O
Qa8 23. Be1 h6 24. h4 hxg5 25. fxg5 Bf7 26. h5 e5 27. hxg6 Bxg6 28. Bh4 Qe8 29.
Na5 Rb2 30. Nxc6 exd4 31. exd4 Qe3+ 32. Rf2 Rd2 33. Qb3 Re8 34. Nxd5 Qxb3 35.
axb3 Nxd5 36. Bc4 Bxd4 37. Bxd5+ Kg7 38. Nxd4 Rxd4 39. Bc6 Rxh4 40. Bxd7 Reh8
41. Bc6 Rc8 42. Bb7 Rc7 43. c6 Rb4 44. Rc3 Bf7 45. Rxf5 Bxb3 46. Kf2 Rb6 47.
Rcc5 Ba4 48. Rf6 Bb5 49. Rd6 Rcxb7 50. cxb7 Rxb7 51. Rdd5 a6 52. Kg3 Rf7 53.
Rf5 Re7 54. Kf4 Bd3 55. Rf6 Re4+ 56. Kf3 Re7 57. Rd6 Rf7+ 58. Ke3 Bb5 59. Ke4
Be2 60. Re6 Bb5 61. Ke5 Bd3 62. Kd6 Bb5 63. Re7 Rxe7 64. Kxe7 Kg6 65. Re5 Bc4
66. Kd6 Bd3 67. Rc5 Bf5 68. Ke5 Kxg5 69. Rc1 Bd3 70. Rg1+ Kh6 71. Kf6 Kh5 72.
Rg3 Bb5 73. Rg5+ Kh4 74. Kf5 Bd7+ 75. Kf4 Bb5 76. Rc5 Kh3 77. Rc2 Bd7 78. Kf3
Bb5 1/2-1/2

[Event "Plzen, FSB A"]
[Site "?"]
[Date "2000.??.??"]
[Round "4"]
[White "Jenc, M."]
[Black "Foglar, S."]
[Result "1/2-1/2"]
[WhiteElo "1790"]
[BlackElo "2005"]
[PlyCount "116"]
[EventDate "2000.??.??"]
[Source "ChessBase"]
[SourceDate "1996.11.15"]

1. e4 c5 2. Nf3 d6 3. d4 cxd4 4. Nxd4 Nf6 5. Nc3 Nc6 6. Be2 e5 7. Nb3 Be7 8.
Bg5 Be6 9. Qd3 O-O 10. Bxf6 Bxf6 11. Nd5 Bxd5 12. Qxd5 Qc7 13. c3 Ne7 14. Qd3
Ng6 15. g3 Rfd8 16. Rd1 a5 17. O-O a4 18. Nd2 Ne7 19. Nc4 d5 20. exd5 Rxd5 21.
Qe4 Rc5 22. Nd6 a3 23. Nxb7 Rb8 24. Nxc5 Qxc5 25. b3 Qxc3 26. Rc1 Qa5 27. Bd3
g6 28. Rc4 Qd2 29. Qe2 Qxe2 30. Bxe2 Nf5 31. Ra4 Be7 32. b4 Nd4 33. Bd3 Rxb4
34. Rxa3 Rb2 35. Ra8+ Kg7 36. Rb1 Rd2 37. Bc4 Bc5 38. Kg2 Nf5 39. Kh3 Rxf2 40.
Rf1 Rd2 41. Rc8 Bf2 42. Rc7 Nd6 43. Bb3 h5 44. Rd7 g5 45. Rxd6 Rxd6 46. Rxf2 f6
47. Bc2 Rd4 48. Bf5 h4 49. Re2 Ra4 50. Re4 Rxa2 51. gxh4 gxh4 52. Rxh4 Rf2 53.
Rh5 Rf4 54. Kg3 Rb4 55. Rh4 Rxh4 56. Kxh4 e4 57. Bxe4 f5 58. Bxf5 Kh6 1/2-1/2

[Event "Plzen, FSB A"]
[Site "?"]
[Date "2000.??.??"]
[Round "4"]
[White "Barton, O."]
[Black "Kupka, F."]
[Result "0-1"]
[WhiteElo "1940"]
[BlackElo "2005"]
[PlyCount "81"]
[EventDate "2000.??.??"]
[Source "ChessBase"]
[SourceDate "1996.11.15"]

1. e4 c5 2. c3 Nc6 3. d4 cxd4 4. cxd4 d5 5. e5 Bf5 6. f4 Qb6 7. Nf3 Bg4 8. Nc3
e6 9. Bb5 Nh6 10. O-O Nf5 11. Bxc6+ Qxc6 12. h3 Bxf3 13. Rxf3 Nxd4 14. Rd3 Nf5
15. g4 Bc5+ 16. Kh2 Ne7 17. a3 Rc8 18. Qf3 g6 19. Be3 Bxe3 20. Qxe3 Qc5 21. Qf3
h5 22. Kg2 Qb6 23. b4 Rc4 24. Rad1 a6 25. Na4 Qc6 26. Nc5 Qc8 27. R1d2 b6 28.
Nb3 hxg4 29. hxg4 Kd7 30. Rd1 Rh4 31. Nd2 Rc2 32. Kg1 Kc7 33. Nb3 Kb7 34. Nd4
Rc4 35. b5 a5 36. R1d2 Qh8 37. f5 Qxe5 38. fxe6 Qe1+ 39. Kg2 Rc1 40. Ne2 Qh1+
41. Kf2 0-1